[Event "Graz Open A 2017"]
[Site "masterchessopen.com Graz AUT"]
[Date "2017.02.24"]
[Round "7.26"]
[White "Yilmazyerli,M"]
[Black "Schreiner,T"]
[Result "1-0"]
[WhiteElo "2454"]
[BlackElo "2276"]

1.d4 Nf6 2.Nc3 d5 3.Bg5 Nbd7 4.f3 c5 5.e4 cxd4 6.Bxf6 exf6 7.Qxd4 Bc5 8.Qd2
dxe4 9.Nxe4 O-O 10.O-O-O Qb6 11.Nxc5 Nxc5 12.Bc4 Bf5 13.Ne2 Rac8 14.Nc3 Qb4
15.Qd4 Ne6 16.Bxe6 Qxd4 17.Bxf7+ Kxf7 18.Rxd4 Rfd8 19.Rxd8 Rxd8 20.Rd1 Rc8
21.Rd5 Ke6 22.Rd4 g5 23.Ra4 a6 24.Rb4 Rc7 25.a4 h5 26.Rb6+ Ke5 27.Rxf6 Kxf6
28.Nd5+ Ke5 29.Nxc7 Kd6 30.Ne8+ Ke5 31.a5 h4 32.Kd2 Bd7 33.Nc7 h3 34.g3 Bc6
35.Ke3 Kd6 36.Na8 Kc5 37.Nb6 Kb4 38.f4 gxf4+ 39.gxf4 Kxa5 40.Nc4+ Kb4 41.Kd4
Bd7 42.Nd6 {#r} 1-0

[Event "Graz Open A 2017"]
[Site "masterchessopen.com Graz AUT"]
[Date "2017.02.24"]
[Round "7.28"]
[White "Schnider,G"]
[Black "Ozturk,Ku"]
[Result "0-1"]
[WhiteElo "2419"]
[BlackElo "2262"]

1.Nf3 Nf6 2.c4 g6 3.Nc3 d5 4.d4 Bg7 5.Bg5 Ne4 6.cxd5 Nxg5 7.Nxg5 e6 8.Qd2 h6
9.Nf3 exd5 10.e3 O-O 11.Bd3 c6 12.O-O Re8 13.Qc2 Nd7 14.b4 Nf8 15.b5 Bg4
16.Nd2 c5 17.dxc5 Ne6 18.h3 d4 19.hxg4 dxc3 20.Nb3 Qg5 21.Be4 Nxc5 22.Nxc5
Qxc5 23.Bxb7 Rad8 24.Qa4 Re6 25.Rad1 Rxd1 26.Rxd1 c2 27.Rc1 Rxe3 28.Rxc2 Re1+
29.Kh2 Qe7 30.g5 Qxb7 31.gxh6 Bxh6 32.Qh4 Qb8+ 33.g3 Re5 34.Qg4 Rh5+ 35.Kg1
Qxb5 36.Rc8+ Kh7 37.Qe4 Re5 38.Qa8 Re1+ 39.Kh2 Qh5+ 40.Kg2 Qh1# 0-1

[Event "Graz Open A 2017"]
[Site "masterchessopen.com Graz AUT"]
[Date "2017.02.24"]
[Round "7.29"]
[White "Gungl,T"]
[Black "Sipila,V"]
[Result "0-1"]
[WhiteElo "2248"]
[BlackElo "2418"]

1.e4 Nf6 2.e5 Nd5 3.d4 Nb6 4.c4 d6 5.exd6 cxd6 6.Nc3 g6 7.Be3 Bg7 8.Rc1 O-O
9.b3 Bf5 10.d5 e6 11.dxe6 Bxe6 12.Nf3 d5 13.c5 Nc8 14.Be2 Ne7 15.Nd4 Nbc6
16.O-O Bxd4 17.Bxd4 Nf5 18.Nb5 a6 19.g4 axb5 20.gxf5 Bxf5 21.Bf3 Rxa2 22.Ba1
Bh3 23.Bg2 Bxg2 24.Kxg2 Qg5+ 25.Kh1 Re8 26.Qf3 d4 27.Rce1 Rxe1 28.Rxe1 Kg7
29.Qe4 Qxc5 {#R} 0-1

[Event "Graz Open A 2017"]
[Site "masterchessopen.com Graz AUT"]
[Date "2017.02.24"]
[Round "7.33"]
[White "Derakhshani,Borna"]
[Black "Huber,Mart AUT"]
[Result "0-1"]
[WhiteElo "2236"]
[BlackElo "2393"]

1.d4 Nf6 2.Bf4 e6 3.Nf3 b6 4.e3 Bb7 5.Nbd2 Be7 6.Bd3 Nh5 7.Bg3 d6 8.Qe2 Nd7
9.Ba6 Bxa6 10.Qxa6 c5 11.dxc5 Nxg3 12.hxg3 bxc5 13.Nc4 Qc7 14.e4 O-O 15.Rd1
Nb6 16.Nxb6 axb6 17.Qd3 c4 18.Qe3 Rxa2 19.g4 Rxb2 20.g5 Rxc2 21.Nd4 Ra2 22.Qh3
h6 23.Nxe6 Qc6 24.O-O Rfa8 25.gxh6 R2a3 26.Qg4 g6 27.Nf4 Qc8 28.Qe2 Bg5 29.Nd5
Qc5 30.Qg4 Bxh6 31.e5 dxe5 32.Qh4 Bg7 33.Ne7+ Kf8 34.Rd7 Rd3 35.Rb7 Re8 36.Ra1
e4 37.Qh7 Rxe7 38.Ra8+ Re8 39.Rxe8+ Kxe8 40.Qxg7 Rd1+ 41.Kh2 Qh5+ {#R} 0-1

[Event "Graz Open A 2017"]
[Site "masterchessopen.com Graz AUT"]
[Date "2017.02.24"]
[Round "7.36"]
[White "Bubalovic,D"]
[Black "Kvetny,M"]
[Result "0-1"]
[WhiteElo "2233"]
[BlackElo "2379"]

1.e4 c5 2.Nf3 d6 3.d4 cxd4 4.Nxd4 Nf6 5.Nc3 a6 6.h3 e5 7.Nde2 b5 8.g4 b4 9.Nd5
Nxd5 10.Qxd5 Ra7 11.Bg2 Be6 12.Qd1 Rd7 13.Ng3 g6 14.O-O h5 15.gxh5 gxh5 16.Qf3
Nc6 17.Be3 Qh4 18.Nf5 Bxf5 19.Qxf5 Bh6 20.a3 Bf4 21.Bxf4 exf4 22.Rad1 Ne7
23.Qa5 f3 24.Rd3 fxg2 25.Re1 bxa3 26.e5 d5 27.Qxa6 axb2 28.e6 fxe6 29.Qxe6 Qb4
30.Rb3 Qd6 31.Qe2 O-O 32.Rxb2 Ng6 33.Rb3 Rdf7 34.Qxh5 Rxf2 35.Rbb1 Rf1+ {#R}
0-1

[Event "9th Batavia GM 2017"]
[Site "masterchessopen.com Amsterdam NED"]
[Date "2017.02.24"]
[Round "1.2"]
[White "Cheng,Bo"]
[Black "Van Foreest,Lucas"]
[Result "1-0"]
[WhiteElo "2453"]
[BlackElo "2453"]

1.d4 d5 2.c4 e6 3.Nf3 Nf6 4.g3 Bb4+ 5.Bd2 Bd6 6.Bg2 O-O 7.O-O c6 8.Nc3 Nbd7
9.b3 b6 10.e4 Nxe4 11.Nxe4 dxe4 12.Ng5 Nf6 13.Nxe4 Nxe4 14.Bxe4 Bb7 15.Qc2 g6
16.b4 Be7 17.Rfd1 Bf6 18.Be3 Qe7 19.c5 Rfd8 20.Rab1 b5 21.a4 a6 22.Ra1 Rd7
23.Ra3 Rad8 24.axb5 axb5 25.Rad3 Ra8 26.Bf4 Qd8 27.Bd6 Be7 28.Be5 Ra4 29.Qd2
Bf6 30.Qf4 Be7 31.Qd2 Bf6 32.Qc3 Qe7 33.Kg2 Qd8 34.h4 Ra2 35.h5 Kg7 36.Bxf6+
Qxf6 37.Rf3 Qg5 38.d5+ e5 39.h6+ Kg8 40.dxc6 Bxc6 41.Bxc6 Rxd1 42.Qb3 Rd8
43.Qxf7+ Kh8 44.Qg7# 1-0

[Event "77th Noteboom Open"]
[Site "masterchessopen.com Leiden NED"]
[Date "2017.02.24"]
[Round "1.1"]
[White "Oosterom,E"]
[Black "Fedorchuk,S"]
[Result "0-1"]
[WhiteElo "2105"]
[BlackElo "2623"]

1.Nf3 Nf6 2.c4 e6 3.Nc3 Bb4 4.Qc2 O-O 5.a3 Bxc3 6.Qxc3 d6 7.g3 e5 8.Bg2 c5
9.b4 Nc6 10.bxc5 Ne4 11.Qc2 Nxc5 12.d3 Bg4 13.Be3 f5 14.Ng5 Qa5+ 15.Kf1 h6
16.Bd5+ Kh8 17.Nf7+ Rxf7 18.Bxf7 f4 19.Kg2 fxe3 20.fxe3 Ne7 21.h3 Bd7 22.e4
Ba4 23.Qb2 Kh7 24.Rhf1 Ng8 25.h4 Nf6 26.h5 Be8 27.Bxe8 Rxe8 28.Rh1 Re7 29.Raf1
Qa4 30.Rf5 Ne6 31.e3 Nc5 32.Qc3 Qc6 33.Kh3 Ne6 34.g4 Ng5+ 35.Kh4 b5 36.Rc1 Rc7
37.Qd2 Qd7 38.cxb5 Nf3+ {#R} 0-1

[Event "77th Noteboom Open"]
[Site "masterchessopen.com Leiden NED"]
[Date "2017.02.24"]
[Round "1.2"]
[White "Spoelman,W"]
[Black "Roorda,T"]
[Result "0-1"]
[WhiteElo "2584"]
[BlackElo "2097"]

1.c4 e6 2.Nc3 f5 3.g3 Nf6 4.Bg2 Be7 5.e3 O-O 6.Nge2 d6 7.O-O c6 8.b3 Qe8 9.Bb2
e5 10.f4 Na6 11.d3 Qh5 12.Qd2 Nc7 13.Nd1 Ne6 14.Nf2 exf4 15.gxf4 Qh6 16.Ng3
Nh5 17.Bf3 Nxg3 18.hxg3 Bf6 19.Kg2 Bxb2 20.Qxb2 Qf6 21.Qxf6 Rxf6 22.g4 Nc5
23.d4 fxg4 24.Bxg4 Na6 25.Kf3 Be6 26.e4 Nc7 27.f5 Re8 28.Kg3 Bc8 29.Rae1 Rf7
30.Bh5 g6 31.Ng4 gxh5 32.Nh6+ Kg7 33.Nxf7 Kxf7 34.Kf4 Rg8 35.Rg1 Rxg1 36.Rxg1
Ne8 37.c5 d5 38.e5 Ng7 39.f6 Nf5 40.Kg5 h4 41.Rh1 Nxd4 42.Kxh4 Bf5 43.Kg5 Bg6
44.Kf4 Ne6+ 45.Ke3 d4+ 46.Kd2 Nxc5 47.Rc1 Nd3 48.e6+ Kxf6 49.Rc4 c5 50.b4 b5
{#R} 0-1

[Event "77th Noteboom Open"]
[Site "masterchessopen.com Leiden NED"]
[Date "2017.02.24"]
[Round "1.3"]
[White "Kokje,Joris"]
[Black "Pruijssers,R"]
[Result "0-1"]
[WhiteElo "2127"]
[BlackElo "2496"]

1.d4 f5 2.e4 fxe4 3.Nc3 Nf6 4.f3 d5 5.fxe4 dxe4 6.Bg5 g6 7.Bc4 Bg7 8.Nge2 Nc6
9.O-O Na5 10.Bb5+ c6 11.Ba4 O-O 12.Bxf6 exf6 13.Nxe4 Re8 14.Qd3 f5 15.Nd2 Rxe2
16.Qxe2 Qxd4+ 17.Kh1 Qxa4 18.Qe8+ Bf8 19.Rae1 Qh4 20.Re4 Qg5 21.Rd4 Qf6 22.Nf3
c5 23.Rd3 b6 24.Rfd1 Bb7 25.Qd7 Be4 26.Re3 Nc6 27.Ng5 Qxg5 28.Rxe4 fxe4
29.Qxc6 Rd8 {#R} 0-1

[Event "77th Noteboom Open"]
[Site "masterchessopen.com Leiden NED"]
[Date "2017.02.24"]
[Round "1.4"]
[White "Pijpers,A"]
[Black "Becx,C"]
[Result "1-0"]
[WhiteElo "2445"]
[BlackElo "2092"]

1.e4 e5 2.Nf3 Nc6 3.Bb5 a6 4.Ba4 Nf6 5.O-O Be7 6.Re1 b5 7.Bb3 O-O 8.c3 d5
9.exd5 Nxd5 10.Nxe5 Nxe5 11.Rxe5 Nf6 12.d4 Bd6 13.Re1 Bb7 14.Bg5 h6 15.Bh4 c5
16.dxc5 Bxc5 17.Nd2 Qb6 18.Qc2 Rad8 19.Nf3 Bxf3 20.gxf3 Rd6 21.Rad1 Rxd1
22.Rxd1 Rd8 23.Re1 Qc6 24.Qf5 Qc8 25.Re6 Be7 26.Bxf6 Rd1+ 27.Bxd1 fxe6 28.Bb3
{#r} 1-0

[Event "33rd Cappelle Open 2017"]
[Site "masterchessopen.com Cappelle la Grande FRA"]
[Date "2017.02.24"]
[Round "8.2"]
[White "Dgebuadze,A"]
[Black "Dufour,M"]
[Result "1-0"]
[WhiteElo "2511"]
[BlackElo "2069"]

1.e4 c6 2.Nf3 d5 3.Nc3 dxe4 4.Nxe4 Bf5 5.Ng3 Bg6 6.h4 h6 7.Ne5 Bh7 8.Qh5 g6
9.Qf3 Nf6 10.Qb3 Qd5 11.Qxb7 Qxe5+ 12.Ne2 Kd8 13.Qxa8 Qc7 14.Rh3 e6 15.Rb3 Kc8
16.Nd4 Nd7 17.Ba6+ Kd8 18.Rxb8+ Nxb8 19.Qxb8+ Qxb8 20.Nxc6+ Kc7 21.Nxb8 Bd6
22.d4 Rxb8 23.Bd3 e5 24.dxe5 Bxe5 25.Rb1 f5 26.Bxh6 Rb4 27.g3 Bxb2 28.Bd2 Rb7
29.Ba6 Rb6 30.Bc4 Kd6 31.Kf1 Bd4 32.Bb3 Bg8 33.Bf4+ Kc5 34.c3 Bc4+ 35.Kg1 Bxc3
36.Rc1 Kb4 37.Bxc4 Kxc4 38.Be5 Ra6 39.Bxc3 Rxa2 40.Bg7+ Kd5 41.Ra1 {#r} 1-0

[Event "33rd Cappelle Open 2017"]
[Site "masterchessopen.com Cappelle la Grande FRA"]
[Date "2017.02.24"]
[Round "8.4"]
[White "Lucas,Arthur"]
[Black "Zachary,Matheo"]
[Result "0-1"]
[WhiteElo "2070"]
[BlackElo "2147"]

1.e4 c5 2.Nf3 Nc6 3.d4 cxd4 4.Nxd4 e5 5.Nb5 d6 6.c4 Be7 7.N1c3 a6 8.Na3 f5
9.exf5 Bxf5 10.Bd3 Be6 11.O-O Nf6 12.Nc2 O-O 13.b3 Kh8 14.Bb2 Rc8 15.Ne3 b5
16.Ncd5 Na5 17.Nxe7 Qxe7 18.cxb5 axb5 19.Bxb5 Rcd8 20.Rc1 Qf7 21.Qc2 Rc8
22.Qd2 Rxc1 23.Bxc1 Nb7 24.Ba3 Ra8 25.Bb4 d5 26.Qb2 d4 27.Nc4 Qc7 28.f4 Nd5
29.Bd2 Qc5 30.a4 e4 31.b4 Qa7 32.Re1 e3 33.Nxe3 dxe3 34.Bxe3 Nxe3 35.Qf2 Bc4
36.Qxe3 Qxe3+ 37.Rxe3 Bxb5 38.axb5 Nd6 39.Re5 Rb8 40.Kf2 Kg8 41.Ke2 Nxb5
42.Kd3 Nd6 43.Kd4 Nf7 44.Rc5 Rxb4+ 45.Kd5 Rb8 46.Ke6 Re8+ 47.Kf5 g6+ 48.Kf6
Nd6 {#R} 0-1

[Event "33rd Cappelle Open 2017"]
[Site "masterchessopen.com Cappelle la Grande FRA"]
[Date "2017.02.24"]
[Round "8.6"]
[White "Valuet,B"]
[Black "Imbert,Chr"]
[Result "1-0"]
[WhiteElo "2288"]
[BlackElo "2038"]

1.c4 Nf6 2.Nc3 g6 3.e4 d6 4.d4 Bg7 5.f3 Nc6 6.d5 Nb8 7.Bg5 c6 8.Qd2 cxd5
9.cxd5 Nbd7 10.Nge2 Nc5 11.Nd4 Bd7 12.Be2 Rc8 13.O-O Qa5 14.Rac1 O-O 15.b3 Qb4
16.Nc2 Qb6 17.Kh1 Na6 18.Ne3 h6 19.Bh4 Qb4 20.Nc4 Qc5 21.Bf2 Qc7 22.a4 Qb8
23.Be3 Nc5 24.Qa2 e6 25.Bf4 Ne8 26.Rfd1 g5 27.Bg3 Bxc3 28.Rxc3 e5 29.Rdc1 b6
30.Ne3 Ng7 31.Bb5 Qb7 32.Qc2 a5 33.Bxd7 Qxd7 34.Ng4 f5 35.Nxh6+ Kh7 36.Nxf5
Nxf5 37.exf5 Rf6 38.Bf2 Rxf5 39.g4 {#r} 1-0

[Event "33rd Cappelle Open 2017"]
[Site "masterchessopen.com Cappelle la Grande FRA"]
[Date "2017.02.24"]
[Round "8.7"]
[White "Garcia,Adrien"]
[Black "Cappon,J"]
[Result "0-1"]
[WhiteElo "2033"]
[BlackElo "2219"]

1.Nc3 c5 2.Nf3 e6 3.g3 d5 4.Bg2 Nf6 5.O-O Be7 6.a4 O-O 7.d4 Nc6 8.dxc5 Bxc5
9.Bg5 h6 10.Bxf6 Qxf6 11.e4 d4 12.Ne2 e5 13.Nc1 Bg4 14.Nd3 Bd6 15.h3 Be6
16.Nd2 Qg6 17.g4 Nb4 18.Ne1 Rac8 19.Ra3 Rfd8 20.Rg3 Bd7 21.b3 b5 22.a5 Qf6
23.h4 g5 24.hxg5 hxg5 25.Ndf3 Kg7 26.Qd2 Qf4 27.Qe2 Rc3 28.Bh3 Rdc8 29.Ng2 Qf6
30.Nfe1 Qh6 31.Ne3 dxe3 32.fxe3 Nxc2 33.Rgf3 Be6 34.Nxc2 Rxc2 35.Qxb5 Rc1 {#R}
0-1

[Event "33rd Cappelle Open 2017"]
[Site "masterchessopen.com Cappelle la Grande FRA"]
[Date "2017.02.24"]
[Round "8.10"]
[White "Vandervorst,JM"]
[Black "Medghoul,S"]
[Result "0-1"]
[WhiteElo "2004"]
[BlackElo "2138"]

1.d4 e6 2.Nf3 c5 3.c3 Nc6 4.d5 exd5 5.Qxd5 Nf6 6.Qg5 d5 7.Ne5 Be6 8.Nd2 Nxe5
9.Qxe5 Bd6 10.Qg5 Qe7 11.Nf3 h6 12.Qh4 O-O-O 13.Bf4 Bf5 14.Bxd6 Qxd6 15.Qa4
Kb8 16.e3 d4 17.Rd1 d3 18.c4 Rhe8 19.h3 g5 20.Rd2 h5 21.h4 g4 22.Ng5 Bg6 23.g3
Nd7 24.Bxd3 Ne5 25.Qxe8 Nxd3+ 26.Rxd3 Qxd3 27.Qe5+ Ka8 {#R} 0-1

[Event "3rd Vardaris Open 2017"]
[Site "masterchessopen.com Thessaloniki GRE"]
[Date "2017.02.24"]
[Round "2.5"]
[White "Sgircea,S"]
[Black "Radovanovic,J"]
[Result "0-1"]
[WhiteElo "2276"]
[BlackElo "2318"]

1.d4 Nf6 2.Nf3 g6 3.Bf4 Bg7 4.e3 d6 5.Be2 c5 6.c3 O-O 7.dxc5 dxc5 8.Qxd8 Rxd8
9.Bc7 Rd7 10.Bg3 Ne4 11.Be5 Nc6 12.Bxg7 Kxg7 13.Nbd2 Nxd2 14.Nxd2 b6 15.a4 Bb7
16.Nc4 Na5 17.Nxa5 bxa5 18.f3 Rb8 19.Bb5 Rd6 20.Rd1 a6 21.Bc4 Bc6 22.b3 Bxa4
23.Rxd6 exd6 24.Kd2 Bxb3 25.Bxb3 Rxb3 26.Kc2 Rb6 27.Ra1 Kf6 28.Rxa5 h5 29.h4
Ke5 30.g3 f6 31.Kd3 Rb2 32.Rxa6 Rg2 33.Ra4 Rxg3 34.Re4+ Kf5 35.Rf4+ Ke6 36.c4
f5 37.e4 Ke5 38.Ke3 Rg2 {#R} 0-1

[Event "3rd Vardaris Open 2017"]
[Site "masterchessopen.com Thessaloniki GRE"]
[Date "2017.02.24"]
[Round "2.6"]
[White "Nasuta,G"]
[Black "Bogdanovski,V"]
[Result "1-0"]
[WhiteElo "2455"]
[BlackElo "2396"]

1.e4 c6 2.d4 d5 3.Nc3 dxe4 4.Nxe4 Bf5 5.Ng3 Bg6 6.h4 h6 7.Nf3 e6 8.Ne5 Bh7
9.Qh5 Qc7 10.Bc4 Nf6 11.Qe2 Bd6 12.c3 O-O 13.f4 Nbd7 14.O-O Nb6 15.Bb3 c5
16.dxc5 Bxc5+ 17.Be3 Nbd5 18.Bxc5 Qxc5+ 19.Qf2 Rac8 20.Rae1 Qxf2+ 21.Rxf2 Rfe8
22.Rd1 Rc5 23.Rd4 b5 24.f5 Nb6 25.fxe6 fxe6 26.Re2 Nfd5 27.Nd7 Nxd7 28.Bxd5
Nf8 29.Bb3 Kh8 30.Rd6 Bd3 31.Rxd3 {#r} 1-0

[Event "3rd Vardaris Open 2017"]
[Site "masterchessopen.com Thessaloniki GRE"]
[Date "2017.02.24"]
[Round "2.7"]
[White "Skiadopoulos,N"]
[Black "Ioannidis,Ev"]
[Result "0-1"]
[WhiteElo "2089"]
[BlackElo "2329"]

1.e4 c5 2.c3 Nf6 3.e5 Nd5 4.Nf3 e6 5.d4 cxd4 6.cxd4 d6 7.Bc4 Nc6 8.O-O Be7
9.Qe2 O-O 10.Bd2 Qb6 11.Nc3 Nxd4 12.Nxd4 Qxd4 13.exd6 Bxd6 14.Nb5 Qe5 15.Nxd6
Qxd6 16.a3 Bd7 17.Rfd1 Rfe8 18.Qf3 Bc6 19.Qh3 Nf6 20.Bc3 Qf4 21.Bd3 e5 22.Bd2
Qd4 23.Bc3 Qf4 24.Bd2 Qd4 25.Bc3 Qb6 26.b4 Rad8 27.Qh4 h6 28.h3 Bxg2 29.Qg3
Be4 30.Be2 Rxd1+ 31.Rxd1 Bc2 32.Re1 Ne4 33.Qf3 Re6 34.Bb2 Rg6+ {#R} 0-1

[Event "3rd Vardaris Open 2017"]
[Site "masterchessopen.com Thessaloniki GRE"]
[Date "2017.02.24"]
[Round "2.9"]
[White "Alexakis,Dimitris"]
[Black "Cela,S"]
[Result "0-1"]
[WhiteElo "2051"]
[BlackElo "2274"]

1.e4 c5 2.Nf3 e6 3.d4 cxd4 4.Nxd4 Nf6 5.Nc3 d6 6.Be3 a6 7.a4 Nc6 8.Be2 Qc7
9.O-O Be7 10.Nb3 b6 11.f4 O-O 12.Bd3 Bb7 13.Rf3 Nb4 14.Rh3 g6 15.Qe2 Rfe8
16.g4 Bf8 17.Rg3 Bg7 18.h3 e5 19.fxe5 Rxe5 20.Bf4 Ree8 21.Rf1 Nbd5 22.Nxd5
Nxd5 23.Bc1 Nb4 24.Re3 Rac8 25.Qf2 d5 26.Rf3 Rf8 27.Bf4 Qd7 28.e5 d4 29.Qxd4
Qxd4+ 30.Nxd4 Bxf3 31.Rxf3 Rfd8 32.c3 Nxd3 33.Rxd3 Rd5 34.Nc6 Rxd3 35.Ne7+ Kf8
36.Nxc8 Rf3 37.Bh2 Bh6 38.Kg2 Rd3 39.Nxb6 Rd2+ 40.Kg3 Rxb2 41.Bg1 Bd2 42.c4
Rb3+ 43.Kg2 Be3 44.Bxe3 Rxe3 45.a5 Ke8 46.Nd5 Rxe5 47.Kf3 Kd7 48.Kf4 Kd6 49.h4
h6 50.Nc3 Rxa5 {#R} 0-1

[Event "Kragero Resort Chess 2017"]
[Site "masterchessopen.com Kragero NOR"]
[Date "2017.02.24"]
[Round "4.3"]
[White "Rozentalis,E"]
[Black "Royset,P"]
[Result "1-0"]
[WhiteElo "2576"]
[BlackElo "2166"]

1.e4 c5 2.Nf3 d6 3.Bb5+ Nd7 4.O-O a6 5.Bxd7+ Bxd7 6.c4 e5 7.Nc3 g6 8.d3 Bg7
9.a3 Ne7 10.b4 b6 11.Rb1 O-O 12.a4 Nc6 13.Nd5 Nd4 14.Nxd4 cxd4 15.b5 a5 16.f4
f5 17.Ba3 Be6 18.Qe2 Rf7 19.exf5 Bxf5 20.Rbe1 Raa7 21.g4 Be6 22.Qg2 Kh8 23.h3
Rad7 24.Bc1 Qb8 25.Bd2 Qd8 26.Re2 Qb8 27.Ref2 Qd8 28.Kh2 Qb8 29.f5 gxf5
30.gxf5 Bxd5 31.Qxd5 Qd8 32.Rg2 Qh4 33.Rg4 Qe7 34.Bg5 Bf6 35.Bh6 Rd8 36.Rfg1
Qb7 37.Qe6 Qe7 38.h4 Qxe6 39.fxe6 Re7 40.Rf1 Rxe6 41.Rxf6 {#r} 1-0

[Event "Kragero Resort Chess 2017"]
[Site "masterchessopen.com Kragero NOR"]
[Date "2017.02.24"]
[Round "4.6"]
[White "Tryggestad,Andreas Garberg"]
[Black "Chatalbashev,B"]
[Result "0-1"]
[WhiteElo "2316"]
[BlackElo "2550"]

1.e4 d6 2.d4 Nf6 3.Nc3 g6 4.Be3 c6 5.h4 b5 6.f3 h5 7.Qd2 Bg7 8.Bd3 a5 9.a4 b4
10.Nce2 O-O 11.c3 bxc3 12.bxc3 c5 13.Nh3 Bxh3 14.Rxh3 cxd4 15.cxd4 Nc6 16.Rh1
Nb4 17.Kf2 e5 18.Bb5 exd4 19.Nxd4 d5 20.e5 Nd7 21.Nc6 Nxc6 22.Bxc6 Rb8 23.Qxd5
Nxe5 24.Rad1 Rb2+ 25.Kg3 Nxc6 26.Qxc6 Qb8+ 27.Bf4 Be5 28.Qe4 Bxf4+ 29.Qxf4
Rxg2+ {#R} 0-1

[Event "Kragero Resort Chess 2017"]
[Site "masterchessopen.com Kragero NOR"]
[Date "2017.02.24"]
[Round "4.7"]
[White "Miezis,N"]
[Black "Holm,Kristian Stuvik"]
[Result "0-1"]
[WhiteElo "2505"]
[BlackElo "2398"]

1.c4 e6 2.e4 d5 3.exd5 exd5 4.d4 Nf6 5.Nc3 Bb4 6.Bd3 O-O 7.Ne2 c5 8.O-O dxc4
9.Bxc4 Nc6 10.a3 Bxc3 11.bxc3 cxd4 12.cxd4 Be6 13.Bd3 Nd5 14.a4 Re8 15.Ra3 Qd7
16.a5 Ndb4 17.Bb1 Bc4 18.Be3 Rad8 19.Re1 Qd6 20.h3 Nd5 21.Qc1 Bxe2 22.Rxe2
Nxd4 23.Re1 Nxe3 24.Raxe3 Rxe3 25.Qxe3 g6 26.h4 h5 27.Qg5 Kg7 28.Ba2 Rd7
29.Re8 Nf5 30.Bb3 Re7 31.Rxe7 Qxe7 32.Qc1 Qxh4 33.Bd5 b6 34.a6 Qd4 35.Bf3 b5
36.Bxh5 b4 37.Bd1 Qc3 38.Qb1 Nd4 39.Qe4 Qa1 40.Qe5+ Kh7 41.Qh2+ Kg7 42.Qe5+
Kh7 43.Qh2+ Kg7 44.Qe5+ Kh7 {#R} 0-1

[Event "Kragero Resort Chess 2017"]
[Site "masterchessopen.com Kragero NOR"]
[Date "2017.02.24"]
[Round "5.1"]
[White "Kveinys,A"]
[Black "Lie,K"]
[Result "0-1"]
[WhiteElo "2508"]
[BlackElo "2525"]

1.e4 c5 2.Nf3 e6 3.g3 Nc6 4.Bg2 Nf6 5.Qe2 e5 6.c3 Be7 7.O-O O-O 8.d3 h6 9.a3
Re8 10.b4 d5 11.Nbd2 cxb4 12.axb4 b5 13.Bb2 Be6 14.Ra6 Qc8 15.Rfa1 Bd8 16.exd5
Bxd5 17.Nh4 Bxg2 18.Kxg2 Re6 19.R6a3 Qd7 20.Qf3 e4 21.Nxe4 Nxe4 22.dxe4 Bxh4
23.Rd1 Qb7 24.gxh4 Ne5 25.Qf5 g6 26.Qf4 Nc4 27.Ra2 Rxe4 28.Rd7 Qxd7 29.Qxe4
Re8 {#R} 0-1

[Event "Kragero Resort Chess 2017"]
[Site "masterchessopen.com Kragero NOR"]
[Date "2017.02.24"]
[Round "5.3"]
[White "Thorfinnsson,Bj"]
[Black "Lie,Es"]
[Result "0-1"]
[WhiteElo "2404"]
[BlackElo "2429"]

1.d4 Nf6 2.Bf4 g6 3.Nf3 Bg7 4.e3 O-O 5.Be2 c5 6.c3 d6 7.dxc5 dxc5 8.Na3 Nc6
9.Ne5 Nxe5 10.Bxe5 Be6 11.Qa4 Qd5 12.Bg3 Qxg2 13.O-O-O Qe4 14.Qxe4 Nxe4 15.Bf3
Nxg3 16.hxg3 Rab8 17.Bd5 Bg4 18.f3 Bc8 19.Nb5 a6 20.Na7 Be6 21.Bxe6 fxe6
22.Rd7 Rxf3 23.Rc7 Be5 24.Rxc5 Bd6 25.Rc4 Rff8 26.Rch4 h5 {#R} 0-1

[Event "Kragero Resort Chess 2017"]
[Site "masterchessopen.com Kragero NOR"]
[Date "2017.02.24"]
[Round "5.4"]
[White "Chatalbashev,B"]
[Black "Solberg,J"]
[Result "0-1"]
[WhiteElo "2550"]
[BlackElo "2256"]

1.c4 Nf6 2.Nc3 g6 3.e4 d6 4.d4 Bg7 5.Be2 O-O 6.Be3 c5 7.e5 Nfd7 8.exd6 exd6
9.Nf3 Nc6 10.O-O a6 11.Qd2 Re8 12.Rad1 cxd4 13.Nxd4 Nde5 14.Nxc6 bxc6 15.Qxd6
Be6 16.Qc5 Qh4 17.Rd4 Ng4 18.h3 Bxd4 19.Qxd4 c5 20.Qf4 g5 21.Qxg5+ Qxg5
22.Bxg5 f6 23.Bh4 Ne5 24.Ne4 Nd7 25.Rd1 Kg7 26.Nd6 Re7 27.f4 Nf8 28.Bf2 Nd7
29.Bf3 Rb8 30.b3 a5 31.Bc6 Nf8 32.Re1 Ra7 33.Ne8+ Kf7 34.Bxc5 {#R} 0-1

[Event "Kragero Resort Chess 2017"]
[Site "masterchessopen.com Kragero NOR"]
[Date "2017.02.24"]
[Round "5.5"]
[White "Haugli,P"]
[Black "Thorfinnsson,Br"]
[Result "0-1"]
[WhiteElo "2260"]
[BlackElo "2453"]

1.c4 e5 2.Nc3 Bb4 3.Nd5 Bc5 4.Nf3 c6 5.Nc3 d6 6.e3 Bb4 7.Qc2 Nf6 8.d4 Qe7
9.Be2 O-O 10.O-O e4 11.Nd2 d5 12.Nb3 dxc4 13.Nd2 Bxc3 14.Qxc3 b5 15.b3 b4
16.Qc2 c3 17.Nc4 a5 18.Nb6 Ra7 19.Nxc8 Rxc8 20.f3 Re8 21.a3 c5 22.Bc4 exf3
23.gxf3 cxd4 24.exd4 Qd7 25.Qf2 Rc7 26.axb4 axb4 27.Ra5 Nc6 28.Rc5 Qd6 29.Bb5
Rd8 30.Be3 Nd5 31.Re1 Nxe3 32.Qxe3 Re7 {#R} 0-1

[Event "8th Pfalz Open 2017"]
[Site "masterchessopen.com Neustadt an der Weinstrasse GER"]
[Date "2017.02.24"]
[Round "1.1"]
[White "Kozul,Z"]
[Black "Kolthoff,S"]
[Result "1-0"]
[WhiteElo "2616"]
[BlackElo "2090"]

1.d4 Nf6 2.c4 e6 3.g3 Bb4+ 4.Nd2 Nc6 5.Nf3 O-O 6.Bg2 d6 7.O-O Bxd2 8.Qxd2 e5
9.b3 Bg4 10.d5 Ne7 11.Bb2 a6 12.Nh4 Nd7 13.f3 Bh5 14.Bh3 f6 15.f4 Bf7 16.Rf2
Nc5 17.Qe3 Ng6 18.Nf5 b5 19.fxe5 Nxe5 20.cxb5 Re8 21.Qd4 Qb8 22.Qh4 Qd8 23.Rd1
Rb8 24.a4 Ng6 25.Qc4 Ne4 26.Rff1 Ng5 27.Bg2 Ne5 28.Qc1 Bg6 29.h4 Ngf7 30.Bh3
Bxf5 31.Bxf5 Nh6 32.Be6+ Kh8 33.Bxe5 dxe5 34.Qc3 Rb6 35.Rc1 Re7 36.e4 Qe8
37.Bh3 Qg6 38.Qe3 Rb8 39.Rc6 Nf7 40.Bf5 Qh5 41.Qa7 Rbe8 42.Rxc7 {#r} 1-0

[Event "8th Pfalz Open 2017"]
[Site "masterchessopen.com Neustadt an der Weinstrasse GER"]
[Date "2017.02.24"]
[Round "1.2"]
[White "Wagner,Han1"]
[Black "Baklan,V"]
[Result "0-1"]
[WhiteElo "2090"]
[BlackElo "2609"]

1.e4 c5 2.f4 d5 3.Nc3 d4 4.Nb1 e5 5.Nf3 exf4 6.Bc4 Nc6 7.d3 Bd6 8.O-O Bg4
9.Nbd2 Nh6 10.h3 Bh5 11.Qe1 O-O 12.Bb3 Re8 13.Qf2 Kh8 14.Nc4 Bc7 15.Ba4 Re6
16.Bxc6 Rxc6 17.a4 Qe7 18.b3 f6 19.Ba3 Bxf3 20.Qxf3 Nf7 21.Qf2 Rd8 22.Bc1 g5
23.Bd2 Rg8 24.Qe2 Qd7 25.Qf3 b6 26.b4 cxb4 27.Bxb4 Ne5 28.Nxe5 Bxe5 29.Ra2 g4
30.hxg4 Rxg4 31.a5 b5 32.Bf8 Rc8 33.Bb4 Rcg8 34.Rf2 Qf7 35.Ra3 Rg3 36.Qd1 Qg6
{#R} 0-1

[Event "8th Pfalz Open 2017"]
[Site "masterchessopen.com Neustadt an der Weinstrasse GER"]
[Date "2017.02.24"]
[Round "1.3"]
[White "Fridman,D"]
[Black "Bethke,Richard"]
[Result "1-0"]
[WhiteElo "2594"]
[BlackElo "2089"]

1.Nf3 Nf6 2.d4 d5 3.c4 e6 4.g3 Be7 5.Bg2 c6 6.O-O O-O 7.Qc2 Nbd7 8.Rd1 b6 9.b3
Bb7 10.Nc3 Rc8 11.e4 c5 12.exd5 exd5 13.dxc5 dxc4 14.b4 bxc5 15.b5 h6 16.a4
Re8 17.Bf4 g5 18.Be3 Bf8 19.h4 Ng4 20.Bxg5 Ngf6 21.Bf4 Qa5 22.Nd2 Bxg2 23.Nxc4
Qb4 24.Na2 Be4 25.Nxb4 cxb4 26.Qa2 Nd5 27.Nd6 Bxd6 28.Rxd5 Bxd5 29.Qxd5 Bxf4
30.Qxd7 Be5 31.Rb1 Bc3 32.Qxa7 Ra8 33.Qd7 Red8 34.Qg4+ Kh8 35.Rxb4 Bxb4
36.Qxb4 Kg8 37.b6 Rdb8 38.b7 Ra6 39.Qg4+ Kh7 40.Qf5+ Rg6 41.h5 {#r} 1-0

[Event "8th Pfalz Open 2017"]
[Site "masterchessopen.com Neustadt an der Weinstrasse GER"]
[Date "2017.02.24"]
[Round "1.5"]
[White "Huschenbeth,N"]
[Black "Karsay,Pascal"]
[Result "1-0"]
[WhiteElo "2581"]
[BlackElo "2088"]

1.e4 c5 2.Nf3 e6 3.d4 cxd4 4.Nxd4 a6 5.Bd3 Nf6 6.O-O Qc7 7.Qe2 d6 8.f4 Nbd7
9.c4 Be7 10.Nc3 O-O 11.g4 h6 12.Be3 b6 13.g5 hxg5 14.fxg5 Ne8 15.Nxe6 fxe6
16.e5 Nxe5 17.Qh5 Nxd3 18.g6 Rxf1+ 19.Rxf1 Nf6 20.Rxf6 Bxf6 21.Ne4 Bb7 22.Qh7+
Kf8 23.Nxf6 Qc6 24.Qh8+ Ke7 25.Qxg7+ Kd8 26.Qf8+ Kc7 27.Qe7+ Kc8 28.Qxe6+ Kc7
29.Nd5+ Kb8 30.g7 {#r} 1-0